000 00460nam a2200181Ia 4500
003 LK-CoDNM
008 010623t1968 xxu||||| |||| 00| 1 eng d
040 _aLK-CoDNM
_dLK-CoDNM
_eLK-CoDNM
041 _aeng
080 _a39 (910)
_bPEA
100 _aPeacock, James L.
245 _aRites of modernization
260 _bThe university of Chicago
_aLondon
_c1968
300 _b(xxv)306, 23 cm
650 _aCulture
650 _aModernization
942 _cBK
999 _c107538
_d107538